000 00566nam a2200229Ia 4500
001 17340
003 GE_BSU
008 181216s||||||||xx |||||||||||||| ||und||
020 _a9783929526868
040 _cGE_BSU
080 _a811.112
100 _aBuscha, Anne. Szita,Szilvia
245 _aBegegnungen. Deutsch als fremdsprache. A1+
245 _bIntegriertes Kurs-und Arbeitsbuch
260 _aLeipzig
260 _c2007
300 _a238p.
541 _h12L.
653 _aBegegnungen.
653 _aIntegriertes Kurs-und Arbeitsbuch A1+
942 _cBK
999 _c50397
_d50397